El cuerpo femenino /

Fragmento de Cuestiones de mujeres (1989; ed. en español, 1991), guía de divulgación ginecológica escrita por la especialista Anne de Kervasdoué. La autora inicia su exposición con una amplia descripción científica del cuerpo femenino, que ha sido empleada casi completamente para esta edición mexica...

Descripción completa

Guardado en:
Detalles Bibliográficos
Autor principal: Kervasdoué, Anne de (autor)
Formato: Libro
Idioma:Español
Publicado: México : Alianza : CONACULTA, 1994, c1993
Colección:(Alianza Cien)
Temas:
Etiquetas: Agrega una etiqueta
Sin etiquetas, Sé el primero en etiquetar este registro!

MARC

LEADER 00000nam^a2200000^a^4500
001 000321280
005 20250521000000.0
009 20260310113537.243
020 |a 968-39-0980-9 
025 |a Donación sin dato, 1 ejemplar 
037 |a Acervo ITESO - Biblioteca 
041 |a ESP 
082 |a 618. 1  |b KER 
100 |a Kervasdoué, Anne de  |e (autor) 
240 1 0 |a [Cuestiones de mujeres] 
245 1 3 |a El cuerpo femenino /  |c A. de Kervasdoué ; il. de C. Schaeffer ; tr. por Carmen Santos Fontenla. 
264 4 |a México :  |b Alianza :  |b CONACULTA,  |c 1994, c1993 
300 |a 95 p. 
336 |a texto  |b txt  |2 rdacontenido 
337 |a sin mediación  |b n  |2 rdamedio 
338 |a volumen  |b nc  |2 rdasoporte 
440 1 |a (Alianza Cien) 
500 |a Traducción de: Questions de femmes 
520 |a Fragmento de Cuestiones de mujeres (1989; ed. en español, 1991), guía de divulgación ginecológica escrita por la especialista Anne de Kervasdoué. La autora inicia su exposición con una amplia descripción científica del cuerpo femenino, que ha sido empleada casi completamente para esta edición mexicana de bolsillo. Kervasdoué aborda las particularidades de cada etapa del ciclo vital femenino en la segunda parte de su obra original y culmina con una explicación sobre las enfermedades o anomalías. La edición íntegra traducida al español también está disponible en la Biblioteca del ITESO. 
649 |a XX 
650 |a Mujeres -  |x Aspectos Físicos -  |x Tema Principal 
650 |a Mujeres -  |x Cuidado e Higiene 
650 |a Cuerpo Humano 
650 |a Ginecología -  |x Tema Principal 
650 |a Medicina 
650 |a Ciencias Médicas 
910 |a Fondo General 
920 |a Impresos - Libros 
930 |a Colección General 
905 |a 101 
901 |a 0500208368  |b IT1  |c ACC  |i D  |u 20250521 
902 |a https://opac.biblio.iteso.mx/vufind/Record/000321280